000 00836 a2200217 4500
005 20080911144219.0
008 080911t xxu||||| |||| 00| 0 eng d
010 _aENG-87715
020 _c295.00
_a8178297668
035 _aEN-71248
037 _bD.B.Act / Pub
082 _a658.81
100 _aVieira, Walter
245 _aThe new sales manager
_cby Walter Vieira
_bchallanges for the 21st century
250 _a2nd ed.
260 _aNew Delhi
_bResponse Books
_c2007
270 _aB1/11, Mohan Cooperative Industrial Area, Mathura Road
_bNew Delhi
_e110044
300 _a202 p.
_c19 cm. (Pbk.)
942 _adpl
_cEN
_k658.81 / VIE
_2ddc
_h658.81
_mVIE
999 _c6839
_d6839